000 02674cam a22005654i 4500
003 PE-LiUPU
005 20250731180105.0
008 150617s r 000 0 d
035 _a(Sirsi) a19476
040 _aPE-LiUPU
_bspa
_cPE-LiUPU
_erda
049 _aPRUA
082 0 4 _a515.723
_bE86
_221
100 1 _aEspinoza Ramos, Eduardo,
_d1946- ,
_eautor.
245 1 0 _aTransformada de Laplace :
_bteórico - práctico /
_cEduardo Espinoza Ramos.
264 1 _aLima,
_c1991.
300 _a251 páginas ;
_c20 cm
336 _atext
_2rdacontent
337 _aunmediated
_2rdamedia
338 _avolume
_2rdacarrier
500 _aEdición mimeografiada.
505 0 _aFunciones seccionalmente contínuas -- Funciones de orden exponencial -- Definición de transformada de laplace -- Transformada de laplace de algunas funciones elementales -- Propiedades de la transformada de laplace -- Tabla de transfomada de laplace de algunas funciones elementales -- Transformada de laplace de las derivadas -- Transformada de laplace de las integrales -- Transformadas de laplace de la multiplicación -- Trasformadas de laplace de la división -- Evaluación de integrales -- Funciones especiales -- Función gamma, propiedades -- Función beta, propiedades -- Función de bessel, propiedades -- Transformada inversa de laplace -- Propiedades de la transformada inversa delaplace -- Transformada inversa de laplacede las derivadas y de las integrales.
526 _aSEG44
526 _aSEG26
526 _aP159
526 _aP155
526 _aP154
526 _aP153
526 _aP150
526 _aP100
526 _aP31
526 _aP30
526 _aP26
526 _aP25
526 _aP24
526 _aP22
526 _aP15
526 _aP10
650 0 4 _aEcuaciones diferenciales ordinarias.
650 0 4 _aTransformaciones de Laplace.
910 _ajck
_bjvq
_cjck
_d20150616
942 _2ddc
_cBOOK
949 _a515.723 E86
_wDEWEY
_c1
_i32155
_lCCODEBUL1
_mBUL
_p00.00
_r0
_sY
_tBOOK
_u19920507
_xEDUCACION
_zUNKNOWN
_0COMPRA
_o.STAFF. Colección General
949 _a515.723 E86
_wDEWEY
_c2
_i32156
_lCCODEBUL1
_mBUL
_p00.00
_r0
_sY
_tBOOK
_u19920507
_xEDUCACION
_zUNKNOWN
_0COMPRA
_o.STAFF. Colección General
994 _aC0
_bPEPRU
596 _a1
999 _a515.723 E86
_wDEWEY
_c19282
_i32155
_f2021-11-5
_g5
_lCCODEBUL1
_mBUL
_r0
_sY
_tBOOK
_u2015-6-17
_xBIBLIOTECA
_zUNKNOWN
_0COMPRA
_o.STAFF. Colección General
_d19282
999 _a515.723 E86
_wDEWEY
_c2
_i32156
_f2021-11-5
_g5
_lCCODEBUL1
_mBUL
_r0
_sY
_tBOOK
_u2015-6-17
_xBIBLIOTECA
_zUNKNOWN
_0COMPRA
_o.STAFF. Colección General
980 _81
_gALBERTO SANCHEZ Responsable de Automatización